Pour une philosophie du témoignage : Ricœur et Heidegger autour de l'idée d'« attestation » (Bezeugung) (notice n° 2222537)

détails MARC
000 -LEADER
fixed length control field 01742cam a2200169 4500500
005 - DATE AND TIME OF LATEST TRANSACTION
control field 20260426010552.0
041 ## - LANGUAGE CODE
Language code of text/sound track or separate title fre
042 ## - AUTHENTICATION CODE
Authentication code dc
100 10 - MAIN ENTRY--PERSONAL NAME
Personal name Sugimura, Yasuhiko
Relator term author
245 00 - TITLE STATEMENT
Title Pour une philosophie du témoignage : Ricœur et Heidegger autour de l'idée d'« attestation » (Bezeugung)
260 ## - PUBLICATION, DISTRIBUTION, ETC.
Date of publication, distribution, etc. 2005.<br/>
500 ## - GENERAL NOTE
General note 23
520 ## - SUMMARY, ETC.
Summary, etc. Qui vient après le sujet ? Par cette question, Yasuhiko Sugimura* confronte Ricœur et Heidegger à partir de l’hypothèse qu’une analyse régressive de la question « qui ? » contribue au renouvellement de la question de Dieu. À la différence de l’attestation heideggérienne ( Bezeugung), qui tient au « pouvoir-mourir », l’attestation chez Ricœur tient à un « demeurer vivant jusqu’à... » capable de faire le deuil et aussi de se souvenir de ceux qui ont été. L’attestation de soi de Ricœur se confond avec l’acte de témoigner du témoignage des autres mortels.
520 ## - SUMMARY, ETC.
Summary, etc. “Who” comes after the subject ? Through this question Yasuhiko Sugimura confronts Ricœur and Heidegger, his starting-point being that a regressive analysis of the question “Who ?” can help to the renewal of the question of God. If the Heideggerian attestation ( Bezeugung) has to do with a “having-to-die”, Ricœur holds a “staying-alive-until...” which allows full grieving and remembering those who are dead. Ricœur’s attestation of the self merges with the act of bearing witness to other mortals’ testimony.
786 0# - DATA SOURCE ENTRY
Note Études théologiques et religieuses | 80 | 4 | 2005-12-01 | p. 483-498 | 0014-2239
856 41 - ELECTRONIC LOCATION AND ACCESS
Uniform Resource Identifier <a href="https://shs.cairn.info/revue-etudes-theologiques-et-religieuses-2005-4-page-483?lang=fr&redirect-ssocas=7080">https://shs.cairn.info/revue-etudes-theologiques-et-religieuses-2005-4-page-483?lang=fr&redirect-ssocas=7080</a>

Pas d'exemplaire disponible.

PLUDOC

PLUDOC est la plateforme unique et centralisée de gestion des bibliothèques physiques et numériques de Guinée administré par le CEDUST. Elle est la plus grande base de données de ressources documentaires pour les Étudiants, Enseignants chercheurs et Chercheurs de Guinée.

Adresse

627 919 101/664 919 101

25 boulevard du commerce
Kaloum, Conakry, Guinée

Réseaux sociaux

Powered by Netsen Group @ 2025